| 000 | 00675cab a2200229 4500 | ||
|---|---|---|---|
| 001 | WB3509-07 | ||
| 008 | 090401t1999 xxu||||| |||| 00| 0 eng d | ||
| 035 | _a(Sirsi) u91815 | ||
| 041 | _aeng | ||
| 245 | _aNew advisory service on EC funding | ||
| 260 | _c1999 | ||
| 350 | _a0 | ||
| 490 |
_aDETR News Release _v(178) 1 March 1999 (1) |
||
| 520 | _aA new advisory service to help the construction industry take advantage of EU funding opportunities was launched by the Government. | ||
| 650 | _aADVISORY SERVICE | ||
| 650 | _aCONSTRUCTION INDUSTRY | ||
| 650 | _aDETR | ||
| 650 | _aEU FUNDING | ||
| 690 | _aBUILT ENVIRONMENT | ||
| 942 | _n0 | ||
| 948 | _c05/03/1999 | ||
| 999 |
_c58267 _d58267 |
||